Logo BPK

Biblioteka

Politechniki Koszalińskiej

Short-Short Stories / (Rekord nr 47849)

Szczegóły MARC
000 -ETYKIETA REKORDU
podpole kontrolne o stałej długości 00407nam a2200157 i 4500
001 - NUMER KONTROLNY REKORDU
pole kontrolne bgj
040 ## - ŹRÓDŁO KATALOGOWANIA
Instytucja, która utworzyła rekord BPK
041 0# - KOD JĘZYKA
Kod języka tekstu eng
008 - POLE O STAŁEJ DŁUGOŚCI - DANE KONTROLNE
podpole kontrolne o stałej długości s uk f |000 0 eng
100 1# - NAZWA OSOBOWA
Nazwa osobowa OBERFIRST, Robert.
245 10 - TYTUŁ/ODPOWIEDZIALNOŚĆ
Tytuł Short-Short Stories /
Pozostałe elementy strefy tytułu i oznaczenia odpowiedzialności Robert Oberfirst.
260 ## - STREFA ADRESU WYDAWNICZEGO
Miejsce wydania Boston :
Nazwa wydawcy/dystrybutora Bruce Humphries, Inc.,
Data publikacji, dystrybucji/powstania dokumentu c. 1948.
300 ## - STREFA OPISU FIZYCZNEGO
Objętość 100 pp ;
Rozmiary 21 cm.
650 #9 - HASŁO PRZEDMIOTOWE W FORMIE NAZWY OGÓLNEJ LUB JEDNOSTKOWEJ
Nazwa ogólna lub geograficzna Short stories, American
856 ## - LOKALIZACJA I DOSTĘP DO ELEKTRONICZNYCH DOKUMENTÓW ZDALNYCH
Link (URL) http://koha.tu.koszalin.pl/cgi-bin/koha/opac-detail.pl?biblionumber=47849
Tekst linku Katalog online BPK
942 ## - DODATKOWE ELEMENTY (KOHA)
Typ dokumentu Książka
Egzemplarze
Wycofany Status egzemplarza Uszkodzony Dostępność Lokalizacja stała Lokalizacja bieżąca Miejsce przechowywania Sygnatura Kod kreskowy Status: wypożyczony Ostatnio wypożyczono Typ dokumentu
      Dostępny Biblioteka Politechniki Koszalińskiej Biblioteka Politechniki Koszalińskiej Wypożyczalnia Językowa KA 4564 09026186 04.05.2027 04.05.2026 Książka
© 2023 Biblioteka Politechniki Koszalińskiej :: KOHA